000 00407nam a2200157Ia 4500
008 221030s9999 xx 000 0 und d
020 _a8131733516
041 _aEnglish
100 _aW. Stallings
245 0 _aComputer Security : Principles & Practice
_cby W. Stallings, L. Brown
260 _bPearson Edcuation
_aNew Delhi
_c2010
300 _a798
650 _aIT
700 _aL. Brown
942 _cBK
999 _c15409
_d15409